Statystyki dla Państwa Osi

Kliknij tutaj aby rozwiązać quiz!

Ogólne statystyki

  • Ten quiz został rozwiązany 40 razy
  • Średni wynik to 14 z 26

Statystyki odpowiedzi

Kontynet Państwa Lata w których państwo należało do Osi % Correct
EuropaFaszystowskie Włochy10 czerwca 1940 - wrzesień 1943
100%
EuropaIII Rzeszamarzec 1939- 8 maja 1945
97%
AzjaCesarstwo Japonia7 grudnia 1941 - 2 września 1945
97%
EuropaWęgry20 listopada 1940 - 8 maja 1945
91%
EuropaRumunia23 listopada 1940- 23 sierpnia 1944
91%
EuropaBułgaria1 marca 1941 - 9 września 1944
88%
EuropaNiepodległe Państwo Chorwackie10 kwietnia 1941 - maj 1945
79%
EuropaSłowacja23 marca 1939 - 28 sierpnia 1944
71%
EuropaFrancja Vichy16 czerwca 1940 - ? 1944
68%
EuropaSerbia (reżim Nedicia)1 września 1941 - ? 1942
65%
EuropaAlbania10 czerwca 1940 - 28 listopada 1944
65%
EuropaFinlandiamarzec 1940 - ? 1947
62%
AzjaWietnam11 marca 1945 - wrzesień 1945
50%
AzjaIrak3 kwietnia 1941 - styczeń 1942
50%
AzjaLaosstyczeń 1941 - ? 1945
47%
EuropaJugosławia25 marca 1941 - ? 1941
47%
AzjaIndie (Tymczasowy Rząd Wolnych Indii)styczeń 1941 - wiosna 1945
44%
EuropaNiezależne Państwo Czarnogórskie (reżim Drljevica)12 lipca 1941 - ? 1944
41%
AzjaKambodża9 marca 1945 - wrzesień 1945
38%
AzjaBirma (reżim Ba Maw)1 sierpnia 1942 - ?
32%
AzjaFilipiny (druga Republika)? 1942 - ? 1943
32%
AzjaSyjam21 grudnia 1941 - ? 1944
26%
AzjaMandżukuo7 grudnia 1941 - ? 1945
24%
EuropaWłoska Republika Socjalna? 1943 - 28 kwietnia 1945
12%
AzjaRepublika Chińska – Nankin (reżim Wanga Jingwei)29 marca 1940 - wrzesień 1945
3%
AzjaMengjiang7 grudnia 1941 - ? 1945
0%

Rozkład punktacji

Percentyl według liczby udzielonych odpowiedzi

Procent ludzi z każdym wynikiem

Twoja historia wyników

Nie rozwiązałeś tego quizu